000 00467nam a2200181Ia 4500
001 43863
008 140425s9999 xx 000 0 und d
020 _aNA
040 _cPK-LaUMT
082 _aRHC 891.4394
_bABD-S
100 _aAbdul Qawi Dasnavi
245 _aSaat tahreerain (Urdu)
_cAbdul Qawi Dasnavi
260 _aLakhnow,India:
_bMirza Ameer Ali Jaunpuri,
_c1975
300 _a180 p.
546 _aUR
650 _aPakistani literature-Urdu
942 _cBK
999 _c41863
_d41863